DIAMANTE Nabi Tracklist - Statistics

Statistiche generali
  • Questo quiz è stato fatto 8 volte
  • Il punteggio medio è 10 su 13
Statistiche sulle risposte
Hint Risposta % Corretto
11 FRATELLO MAGGIORE
100%
12 VELENO
100%
8 X
100%
3 COPACABANA
83%
5 GRANATA
83%
4 MEGLIO ORA
83%
13 Negli Angoli Più Bui
83%
7 RAPPER
83%
1 ESCO FRESCO DAGLI SHTAR
67%
9 OKAY OKAY
67%
6 STUDIO/TRIBUNALE
67%
10 TOGLIMI L'AUTOTUNE FREESTYLE
67%
2 MANESKIN MELODIA
50%
Nessun quiz corrispondente trovato
Distribuzione punteggi
Percentuale di utenti per punteggio
Percentile per numero di risposta
I tuoi punteggi nel tempo
Non hai fatto questo quiz